Understanding the psychology of diversity (Record no. 41462)
[ view plain ]
| 000 -LEADER | |
|---|---|
| fixed length control field | 01309nam a2200349 a 4500 |
| 082 04 - DEWEY DECIMAL CLASSIFICATION NUMBER | |
| Classification number | 305.8001 |
| 100 1# - MAIN ENTRY--AUTHOR NAME | |
| Personal name | Blaine, Bruce Evan. |
| 245 10 - TITLE STATEMENT | |
| Title | Understanding the psychology of diversity |
| 260 ## - PUBLICATION, DISTRIBUTION, ETC. (IMPRINT) | |
| Place of publication | Los Angeles ; |
| -- | London : |
| Name of publisher | SAGE, |
| Year of publication | 2007. |
| 300 ## - PHYSICAL DESCRIPTION | |
| Number of Pages | xv, 256 p. : |
| Other physical details | ill. |
| 650 #0 - SUBJECT ADDED ENTRY--TOPICAL TERM | |
| Topical Term | Prejudices. |
| Topical Term | Stereotypes (Social psychology) |
| Topical Term | Multiculturalism |
| 856 40 - ELECTRONIC LOCATION AND ACCESS | |
| Uniform Resource Identifier | http://site.ebrary.com/lib/rucke/Doc?id=10719178 |
No items available.
